[Event "12th Africa-ch"]
[Site "Kampala UGA"]
[Date "2016.07.22"]
[Round "7"]
[White "Arab, Adlane"]
[Black "Hesham, Abdelrahman"]
[Result "0-1"]
[WhiteElo "2482"]
[BlackElo "2400"]
[EventDate "2016.07.17"]
[PlyCount "120"]

1.d4 Nf6 2.c4 g6 3.Nc3 Bg7 4.Nf3 O-O 5.e4 d6 6.Be2 e5 7.d5 a5 8.Bg5 h6 9.
Be3 Ng4 10.Bd2 f5 11.exf5 Bxf5 12.O-O e4 13.Ne1 Nxf2 14.Rxf2 Bd4 15.Qc1 
Bxf2+ 16.Kxf2 Bg4+ 17.Bf4 Bxe2 18.Kxe2 Qh4 19.Bg3 Qg4+ 20.Kd2 h5 21.Nc2 h4
22.Ne3 Qg5 23.Be1 Na6 24.Qd1 Rf4 25.Qe2 Raf8 26.h3 Nb4 27.Ncd1 b5 28.a3 
Nd3 29.Kc2 bxc4 30.Kb1 c6 31.dxc6 Qc5 32.c7 d5 33.Bd2 d4 34.Ng4 Rf1 35.
Qxe4 Qb6 36.b4 axb4 37.Qd5+ Kh8 38.Qxc4 Rc8 39.Qxd3 Rxd1+ 40.Ka2 bxa3 41.
Rb1 Rxb1 42.Qxb1 Qxc7 43.Ka1 Qc2 44.Bg5 d3 45.Qb4 Qd1+ 46.Qb1 Qxb1+ 47.
Kxb1 Rc2 48.Ne5 Rb2+ 49.Ka1 Rxg2 50.Bf6+ Kh7 51.Nxd3 g5 52.Ne5 Kh6 53.Kb1 
Rg3 54.Bd8 Kh5 55.Nf7 Kg6 56.Ne5+ Kf5 57.Nf7 Rxh3 58.Nxg5 Rd3 59.Be7 Rd7 
60.Nf3 Rxe7 0-1

[Event "12th Africa-ch"]
[Site "Kampala UGA"]
[Date "2016.07.22"]
[Round "7"]
[White "Adly, Ahmed"]
[Black "Shoker, Samy"]
[Result "1-0"]
[WhiteElo "2607"]
[BlackElo "2489"]
[EventDate "2016.07.17"]
[PlyCount "79"]

1.d4 g6 2.h4 Nf6 3.Nc3 c5 4.Nf3 cxd4 5.Nxd4 Nc6 6.Bg5 Bg7 7.e3 h6 8.Bxf6 
Bxf6 9.h5 Nxd4 10.exd4 Qb6 11.hxg6 fxg6 12.Qd3 Qxb2 13.Rb1 Qa3 14.Qc4 Kf8 
15.Bd3 d5 16.Nxd5 Be6 17.Qb5 a6 18.Qxb7 Qa5+ 19.Nb4 Kg7 20.O-O Qg5 21.Qe4 
Bf7 22.c4 Rab8 23.Nc6 Rxb1 24.Rxb1 h5 25.Qe3 Qxe3 26.fxe3 Bg5 27.Kf2 h4 
28.Ne5 h3 29.Nf3 h2 30.Rh1 Bf6 31.g4 g5 32.Rxh2 Rc8 33.c5 e5 34.Bf5 Re8 
35.c6 exd4 36.exd4 Re7 37.Ne5 Rc7 38.Rh7+ Kg8 39.Nxf7 Bxd4+ 40.Kf3 1-0

[Event "12th Africa-ch"]
[Site "Kampala UGA"]
[Date "2016.07.22"]
[Round "7"]
[White "Kigigha, Bomo"]
[Black "Cawdery, Daniel"]
[Result "0-1"]
[WhiteElo "2344"]
[BlackElo "2412"]
[EventDate "2016.07.17"]
[PlyCount "133"]

1.Nf3 Nf6 2.g3 g6 3.Bg2 Bg7 4.O-O d5 5.c4 O-O 6.Na3 Nc6 7.d3 h6 8.Rb1 Be6 
9.b3 Qd7 10.Bb2 Bh3 11.Bxh3 Qxh3 12.Bxf6 Bxf6 13.cxd5 Nb4 14.e4 a5 15.Qd2 
Rfd8 16.Nc4 c6 17.Nxa5 Rxa5 18.Qxb4 Rxa2 19.Qxb7 cxd5 20.e5 Bg7 21.Qxe7 
Raa8 22.d4 Qf5 23.Kg2 Bf8 24.Qh4 Rdc8 25.Qf4 Qe6 26.Rfc1 Rcb8 27.b4 g5 28.
Qd2 Rb5 29.Rb3 Ra4 30.Rcb1 Qb6 31.h4 g4 32.Nh2 h5 33.Nf1 Qg6 34.Qf4 Bh6 
35.Qf6 Qxf6 36.exf6 Kh7 37.Ne3 Bxe3 38.fxe3 Kg6 39.R3b2 Ra6 40.Rc1 Rab6 
41.Rc5 Kxf6 42.Rxb5 Rxb5 43.Kf2 Ke6 44.Ke2 Kd6 45.Kd3 Rb8 46.b5 f5 47.Rb1 
Rb7 48.Rb3 Rb8 49.Kc3 Kc7 50.Kb4 Kb6 51.Rc3 Re8 52.Rc6+ Kb7 53.Rf6 Rxe3 
54.Rxf5 Rxg3 55.Rxd5 Rg1 56.Rxh5 g3 57.Rh7+ Kc8 58.Rh8+ Kd7 59.Rh7+ Kd6 
60.Rh6+ Kd5 61.Rh5+ Kxd4 62.b6 Rb1+ 63.Ka5 g2 64.Rg5 g1=Q 65.Rxg1 Rxg1 66.
Kb5 Kd5 67.b7 0-1

[Event "12th Africa-ch"]
[Site "Kampala UGA"]
[Date "2016.07.22"]
[Round "7"]
[White "Magana, Benjamin"]
[Black "Ameir, Moheb"]
[Result "0-1"]
[WhiteElo "2149"]
[BlackElo "2438"]
[EventDate "2016.07.17"]
[PlyCount "54"]

1.e4 c5 2.Nf3 e6 3.d4 cxd4 4.Nxd4 Nc6 5.Be3 Qc7 6.Be2 a6 7.O-O Nf6 8.Nc3 
Be7 9.a4 O-O 10.Nb3 b6 11.f4 d6 12.g4 Bb7 13.g5 Nd7 14.Qe1 Nb4 15.Rc1 Nc5 
16.Nxc5 bxc5 17.Bf3 d5 18.Bd2 d4 19.Nd1 a5 20.Qh4 f5 21.gxf6 gxf6 22.f5 
Kh8 23.fxe6 f5 24.Qe1 fxe4 25.Bxe4 Rg8+ 26.Kh1 Rg4 27.Bf4 Bd6 0-1

[Event "12th Africa-ch"]
[Site "Kampala UGA"]
[Date "2016.07.22"]
[Round "7"]
[White "Aderito, Pedro"]
[Black "Oussedik, Mahfoud"]
[Result "1-0"]
[WhiteElo "2318"]
[BlackElo "2299"]
[EventDate "2016.07.17"]
[PlyCount "119"]

1.d4 Nf6 2.c4 g6 3.Nf3 Bg7 4.g3 d6 5.Nc3 O-O 6.Bg2 Nbd7 7.O-O e5 8.Re1 c6 
9.e4 a6 10.a4 a5 11.h3 Re8 12.Be3 Qc7 13.c5 exd4 14.cxd6 Qxd6 15.Bxd4 Nh5 
16.e5 Qc7 17.Qc2 Bh6 18.Qe2 Ng7 19.Nb5 Qb8 20.Nd6 Re7 21.Ne4 Ne6 22.Be3 
Re8 23.Rad1 Bg7 24.Nd6 Rf8 25.h4 Nb6 26.Nh2 Nc7 27.f4 Nbd5 28.Bd4 Nb4 29.
Qf2 Be6 30.f5 gxf5 31.Nxf5 Bxf5 32.Qxf5 Qe8 33.Qh5 Qe6 34.Be4 Qh6 35.Qf5 
Kh8 36.Be3 Qg6 37.Qf3 f5 38.exf6 Rxf6 39.Bxg6 Rxf3 40.Nxf3 hxg6 41.Rd7 Ne6
42.Bf2 Rf8 43.Kg2 Rf6 44.Ne5 Nf8 45.Rxb7 Kg8 46.Ng4 Rf7 47.Rxf7 Kxf7 48.b3
Nd3 49.Rd1 Nxf2 50.Nxf2 Ke6 51.Ne4 Be5 52.Rd8 Nd7 53.Rg8 Kd5 54.Kf3 c5 55.
Rxg6 Nf8 56.Ra6 Ne6 57.Ke3 Bc7 58.Kd3 Nd4 59.Nc3+ Ke5 60.h5 1-0

[Event "12th Africa-ch"]
[Site "Kampala UGA"]
[Date "2016.07.22"]
[Round "7"]
[White "Ssegwanyi, Arthur"]
[Black "Wanyama, Harold"]
[Result "1-0"]
[WhiteElo "2366"]
[BlackElo "2269"]
[EventDate "2016.07.17"]
[PlyCount "75"]

1.e4 c5 2.Nf3 e6 3.d4 cxd4 4.Nxd4 a6 5.Bd3 Nf6 6.Qe2 d5 7.e5 Nfd7 8.c3 Nc6
9.Nxe6 fxe6 10.Qh5+ Ke7 11.Bg5+ Nf6 12.exf6+ gxf6 13.Bh4 Bg7 14.O-O Qe8 
15.Qe2 Kd7 16.c4 d4 17.Nd2 Kc7 18.c5 e5 19.Nc4 Be6 20.Nd6 Qd7 21.b4 Ne7 
22.b5 Nd5 23.Qb2 b6 24.cxb6+ Kb8 25.Ne4 a5 26.Rfc1 Rc8 27.Rxc8+ Kxc8 28.
Rc1+ Kd8 29.Rc6 Qe7 30.Bc4 Ke8 31.b7 Rb8 32.Bxf6 Bxf6 33.Bxd5 Bxd5 34.
Nxf6+ Kd8 35.Nxd5 Qf7 36.Qa3 Rxb7 37.Qd6+ Qd7 38.Qf8+ 1-0

[Event "12th Africa-ch"]
[Site "Kampala UGA"]
[Date "2016.07.22"]
[Round "7"]
[White "Silva, David"]
[Black "Talbi, Chafik"]
[Result "1-0"]
[WhiteElo "2305"]
[BlackElo "2206"]
[EventDate "2016.07.17"]
[PlyCount "89"]

1.e4 e6 2.d4 d5 3.Nc3 Bb4 4.e5 c5 5.a3 Bxc3+ 6.bxc3 Ne7 7.h4 Qa5 8.Bd2 
Nbc6 9.h5 Qa4 10.h6 cxd4 11.hxg7 Rg8 12.cxd4 Qxd4 13.f4 Rxg7 14.Nf3 Qa4 
15.Ng5 Bd7 16.Bd3 O-O-O 17.c3 Qa5 18.Rxh7 Rxg5 19.fxg5 Nxe5 20.Qe2 Nxd3+ 
21.Qxd3 Bb5 22.c4 Qc7 23.cxb5 Qe5+ 24.Kf2 Qxa1 25.Rxf7 Qh8 26.b6 axb6 27.
Bf4 Qh4+ 28.Bg3 Qxg5 29.Qc2+ Kd7 30.Qa4+ Kc8 31.Bh4 Qd2+ 32.Kg1 Qe3+ 33.
Kh1 Qc1+ 34.Kh2 Qc7+ 35.g3 b5 36.Qa8+ Kd7 37.Rxe7+ Kd6 38.Qxd8+ Qxd8 39.
Rxe6+ Kxe6 40.Bxd8 Kf5 41.Kg2 Ke4 42.g4 d4 43.g5 b4 44.axb4 d3 45.Kf2 1-0

[Event "12th Africa-ch"]
[Site "Kampala UGA"]
[Date "2016.07.22"]
[Round "7"]
[White "Aguiar, Cristiano"]
[Black "Panchol, James Madol"]
[Result "0-1"]
[WhiteElo "2219"]
[BlackElo "2037"]
[EventDate "2016.07.17"]
[PlyCount "55"]

1.d4 Nf6 2.c4 g6 3.Nc3 Bg7 4.e4 d6 5.Bg5 c6 6.Qd2 Qa5 7.O-O-O O-O 8.f3 
Nbd7 9.Kb1 Rb8 10.Nd5 Qd8 11.Nxf6+ Nxf6 12.e5 Ne8 13.exd6 Nxd6 14.h4 Bf5+ 
15.Ka1 b5 16.cxb5 Nxb5 17.Bxb5 Rxb5 18.Ne2 Qc7 19.Nc3 Ra5 20.g4 Be6 21.Bh6
Bxh6 22.Qxh6 Rb8 23.h5 Qb6 24.Rd2 Bxa2 25.b4 Bd5+ 26.Kb2 Qxb4+ 27.Kc2 Ra3 
28.hxg6 0-1

[Event "12th Africa-ch"]
[Site "Kampala UGA"]
[Date "2016.07.22"]
[Round "7"]
[White "Roberto Soares, Erikson"]
[Black "Gonza, Simon"]
[Result "1-0"]
[WhiteElo "2282"]
[BlackElo "2097"]
[EventDate "2016.07.17"]
[PlyCount "120"]

1.Nf3 Nf6 2.g3 g6 3.Bg2 Bg7 4.O-O O-O 5.c4 d6 6.d4 c6 7.Nc3 Nbd7 8.e4 e5 
9.h3 Re8 10.d5 c5 11.Bg5 h6 12.Be3 Nf8 13.Qd2 Kh7 14.Ne1 g5 15.Nd3 Ng6 16.
b4 b6 17.bxc5 bxc5 18.Rab1 Re7 19.Qc2 Nd7 20.Nb5 Nb6 21.Nxd6 Qxd6 22.Bxc5 
Qd7 23.Bxe7 Qxe7 24.c5 Nd7 25.d6 Qe6 26.c6 Qxd6 27.cxd7 Bxd7 28.Rfd1 Rc8 
29.Qb3 Be6 30.Qa4 Qe7 31.Rdc1 Rd8 32.Nc5 Bc8 33.Qa5 Rd6 34.Nb3 Be6 35.Rc7 
Qd8 36.Qxa7 h5 37.Rbc1 h4 38.Nc5 Bc8 39.Nb7 Bxb7 40.Rxb7 Nh8 41.Qe3 Rd3 
42.Qe2 hxg3 43.fxg3 Rxg3 44.Rf1 g4 45.Qf2 Qh4 46.Kh2 Rxh3+ 47.Bxh3 Qxh3+ 
48.Kg1 Bh6 49.Qf5+ Kg8 50.Rb8+ Bf8 51.Qf2 Kg7 52.Rb3 Qh6 53.Rg3 Qg5 54.Kg2
f6 55.Qf5 Qxf5 56.Rxf5 Ng6 57.Rxg4 Kf7 58.Rxg6 Kxg6 59.a4 Bb4 60.Kf3 Ba5 
1-0

[Event "12th Africa-ch"]
[Site "Kampala UGA"]
[Date "2016.07.22"]
[Round "7"]
[White "Farouk, Fauza"]
[Black "Kawuma, Patrick"]
[Result "1/2-1/2"]
[WhiteElo "2093"]
[BlackElo "2247"]
[EventDate "2016.07.17"]
[PlyCount "84"]

1.e4 e6 2.d4 d5 3.Nc3 Bb4 4.e5 c5 5.a3 Bxc3+ 6.bxc3 Qc7 7.Nf3 Bd7 8.Bd3 
Nc6 9.O-O c4 10.Be2 Nge7 11.Ne1 f6 12.exf6 gxf6 13.Bh5+ Ng6 14.f4 O-O-O 
15.Qf3 Nce7 16.g3 e5 17.fxe5 fxe5 18.dxe5 Qxe5 19.Bxg6 Nxg6 20.Qe3 Qh5 21.
Qxa7 Bc6 22.Rf7 Rd7 23.Qa8+ Kc7 24.Bf4+ Nxf4 25.Rxd7+ Kxd7 26.Qxh8 Ne2+ 
27.Kf1 Qxh2 28.Qg7+ Kc8 29.Qf8+ Kc7 30.Qe7+ Bd7 31.Qxe2 Bh3+ 32.Ng2 Qh1+ 
33.Kf2 Qxa1 34.Nf4 Qh1 35.Qe7+ Kc6 36.Ne2 Kb6 37.Qd8+ Ka7 38.Qa5+ Kb8 39.
Qd8+ Ka7 40.Qa5+ Kb8 41.Qd8+ Ka7 42.Qa5+ Kb8 1/2-1/2

[Event "12th Africa-ch"]
[Site "Kampala UGA"]
[Date "2016.07.22"]
[Round "7"]
[White "Fidow, Kassim Hassan"]
[Black "Alberto, Manuel"]
[Result "0-1"]
[WhiteElo "1558"]
[BlackElo "2191"]
[EventDate "2016.07.17"]
[PlyCount "93"]

1.d4 Nf6 2.c4 c5 3.e3 g6 4.Nf3 Bg7 5.Nc3 O-O 6.Be2 d6 7.h3 Nc6 8.O-O Bf5 
9.Nh4 Bd7 10.Bd2 cxd4 11.Nb5 dxe3 12.Bxe3 a6 13.Nc3 Rc8 14.Qd2 Ne5 15.b3 
Bc6 16.Rad1 Re8 17.f4 Ned7 18.Nf3 Ne4 19.Nxe4 Bxe4 20.Ng5 Nf6 21.Bf3 Bxf3 
22.gxf3 Qd7 23.Qg2 Qf5 24.Ne4 Nh5 25.Rd5 Nxf4 26.Bxf4 Qxf4 27.Kh1 Be5 28.
Nf2 Bg7 29.Nd3 Qh4 30.f4 b5 31.c5 dxc5 32.f5 c4 33.fxg6 hxg6 34.Nf4 cxb3 
35.axb3 Rc3 36.Rg5 Rec8 37.Rg4 Qh6 38.h4 Rc1 39.Rxc1 Rxc1+ 40.Kh2 Be5 41.
Qe4 Qh5 42.Kh3 Rc3+ 43.Nd3 Bd6 44.Kg2 Rxd3 45.Rg5 Rd2+ 46.Kf1 Qd1+ 47.Qe1 
0-1

[Event "12th Africa-ch"]
[Site "Kampala UGA"]
[Date "2016.07.22"]
[Round "7"]
[White "Kamoga, Rajab"]
[Black "Mohamud, Hussein Ali"]
[Result "1-0"]
[WhiteElo "2087"]
[BlackElo "1557"]
[EventDate "2016.07.17"]
[PlyCount "67"]

1.e4 c5 2.Nc3 Nc6 3.f4 d6 4.Nf3 Bg4 5.Bb5 Qb6 6.Nd5 Qd8 7.h3 Bd7 8.O-O e6 
9.Nc3 Nge7 10.d3 g6 11.e5 d5 12.Be3 d4 13.Ne4 Nd5 14.Bd2 Be7 15.a3 a5 16.
Bc4 O-O 17.f5 gxf5 18.Nfg5 fxe4 19.Qh5 Bxg5 20.Bxg5 f6 21.exf6 Qe8 22.Qg4 
Ne5 23.Qg3 Ng6 24.h4 h5 25.dxe4 Nb6 26.Be2 Kf7 27.Bxh5 Rg8 28.Bh6 e5 29.
Qg5 Qe6 30.Rf5 Nc4 31.Raf1 Rae8 32.Bg7 Rxg7 33.fxg7+ Kxg7 34.Bxg6 1-0

[Event "12th Africa-ch"]
[Site "Kampala UGA"]
[Date "2016.07.22"]
[Round "7"]
[White "Mwangi, Martin Njoroge"]
[Black "Anquandah, Frances"]
[Result "1-0"]
[WhiteElo "1785"]
[BlackElo "2019"]
[EventDate "2016.07.17"]
[PlyCount "57"]

1.e4 d5 2.exd5 Qxd5 3.Nc3 Qa5 4.d4 c6 5.Bc4 Bf5 6.Nf3 e6 7.Qe2 Be7 8.Bd2 
Qc7 9.O-O Nf6 10.Rfe1 Nbd7 11.Bb3 Nb6 12.Ne5 O-O 13.g4 Bg6 14.h4 a5 15.a4 
Rad8 16.h5 Bxc2 17.Bxc2 Rxd4 18.Rad1 Bd6 19.Be3 Rxd1 20.Bxd1 Bxe5 21.Bxb6 
Qxb6 22.Qxe5 Qxb2 23.h6 Rd8 24.Qg5 Kf8 25.hxg7+ Ke7 26.Ne4 h6 27.Qc5+ Kd7 
28.Qd6+ Kc8 29.Qxd8+ 1-0

[Event "12th Africa-ch"]
[Site "Kampala UGA"]
[Date "2016.07.23"]
[Round "8"]
[White "Cawdery, Daniel"]
[Black "Adly, Ahmed"]
[Result "1/2-1/2"]
[WhiteElo "2400"]
[BlackElo "2404"]
[EventDate "2016.07.17"]
[PlyCount "95"]

1.e4 c6 2.c4 e5 3.Nf3 d6 4.d4 Nd7 5.Nc3 Ngf6 6.Be2 Be7 7.O-O O-O 8.h3 Re8 
9.Be3 exd4 10.Nxd4 Bf8 11.Qc2 Nc5 12.Bf3 a5 13.Rfd1 Nfd7 14.Nb3 Qh4 15.Bg4
Ne5 16.Bxc8 Raxc8 17.Nxc5 dxc5 18.b3 Re6 19.Qe2 g5 20.f3 Rce8 21.Qf2 Qh5 
22.Ne2 b5 23.cxb5 cxb5 24.Rd5 Qg6 25.Bxc5 f5 26.f4 Bxc5 27.Qxc5 gxf4 28.
Nxf4 Qg3 29.Qf2 Qxf2+ 30.Kxf2 Rf6 31.exf5 Rxf5 32.g3 Ref8 33.Kg2 Ng6 34.
Rxf5 Rxf5 35.Rf1 Nxf4+ 36.Rxf4 Rc5 37.g4 Rc2+ 38.Rf2 Rc3 39.Rf5 Rc2+ 40.
Kg3 Rxa2 41.Rxb5 a4 42.bxa4 Rxa4 43.Kh4 Ra3 44.Rb7 Rc3 45.g5 Ra3 46.Kg4 
Ra4+ 47.Kh5 Rc4 48.Rb8+ 1/2-1/2

[Event "12th Africa-ch"]
[Site "Kampala UGA"]
[Date "2016.07.23"]
[Round "8"]
[White "Ameir, Moheb"]
[Black "Arab, Adlane"]
[Result "0-1"]
[WhiteElo "2438"]
[BlackElo "2482"]
[EventDate "2016.07.17"]
[PlyCount "88"]

1.e4 c5 2.Nf3 d6 3.Bb5+ Nd7 4.d4 Nf6 5.O-O cxd4 6.Qxd4 a6 7.Bxd7+ Bxd7 8.
Bg5 Bc6 9.Re1 e6 10.Nc3 Be7 11.Rad1 O-O 12.Bxf6 Bxf6 13.Qxd6 Qxd6 14.Rxd6 
Bxc3 15.bxc3 Rfc8 16.Nh4 Bb5 17.Re3 Bc4 18.a3 e5 19.Nf5 Rc5 20.Ne7+ Kf8 
21.Nd5 Bxd5 22.Rxd5 Rac8 23.Rd7 R8c7 24.Rdd3 Rc4 25.h4 Ra4 26.h5 h6 27.c4 
Rcxc4 28.Rd8+ Ke7 29.Rb8 Rxc2 30.Rg3 Rac4 31.Rxg7 Rxe4 32.Rh8 Rc1+ 33.Kh2 
Rh4+ 34.Kg3 Rxh5 35.Kg4 Rhh1 36.g3 Rc4+ 37.Kf3 Rh5 38.Rgg8 Rf5+ 39.Ke3 
Rc3+ 40.Ke4 Rxf2 41.Re8+ Kf6 42.Rxh6+ Kg5 43.Rb6 Re2+ 44.Kd5 Rd2+ 0-1

[Event "12th Africa-ch"]
[Site "Kampala UGA"]
[Date "2016.07.23"]
[Round "8"]
[White "Panchol, James Madol"]
[Black "El-Gindy, Essam"]
[Result "0-1"]
[WhiteElo "2037"]
[BlackElo "2431"]
[EventDate "2016.07.17"]
[PlyCount "33"]

1.e4 c5 2.Nf3 Nc6 3.d4 cxd4 4.Nxd4 e5 5.Nb5 d6 6.c4 Be7 7.N1a3 a6 8.Nc3 h6
9.Nc2 Bg5 10.Bxg5 hxg5 11.Qd2 Be6 12.O-O-O Rc8 13.Qxd6 Qxd6 14.Rxd6 Nf6 
15.Ne3 Na5 16.b3 Ke7 17.Rb6 0-1

[Event "12th Africa-ch"]
[Site "Kampala UGA"]
[Date "2016.07.23"]
[Round "8"]
[White "Silva, David"]
[Black "Ssegwanyi, Arthur"]
[Result "0-1"]
[WhiteElo "2305"]
[BlackElo "2366"]
[EventDate "2016.07.17"]
[PlyCount "58"]

1.e4 e5 2.Nf3 Nc6 3.Nc3 Nf6 4.Bb5 Bd6 5.O-O O-O 6.d3 Re8 7.a3 Bc5 8.Bc4 h6
9.b4 Bb6 10.b5 Nd4 11.Be3 Ba5 12.Nb1 d5 13.Ba2 Bg4 14.Bxd4 exd4 15.e5 Rxe5
16.h3 Bxf3 17.Qxf3 Qe7 18.Qd1 Re2 19.Qc1 Qc5 20.Bb3 Rae8 21.Qf4 R8e6 22.a4
Re1 23.Rxe1 Rxe1+ 24.Kh2 Bb4 25.g3 Qe7 26.a5 Bd6 27.Qf3 Qe5 28.b6 a6 29.
bxc7 Bxc7 0-1

[Event "12th Africa-ch"]
[Site "Kampala UGA"]
[Date "2016.07.23"]
[Round "8"]
[White "Magana, Benjamin"]
[Black "Kigigha, Bomo"]
[Result "0-1"]
[WhiteElo "2149"]
[BlackElo "2344"]
[EventDate "2016.07.17"]
[PlyCount "40"]

1.Nf3 Nf6 2.d4 d5 3.g3 e6 4.Bg2 Bd6 5.c4 O-O 6.O-O b6 7.Nc3 Bb7 8.Qc2 dxc4
9.e4 Bb4 10.e5 Nd5 11.Ne4 h6 12.g4 Be7 13.a3 Nd7 14.g5 h5 15.Bh3 Qe8 16.
Ng3 c5 17.Qe4 cxd4 18.Nxh5 Nc3 19.Qg4 Ne2+ 20.Kg2 Nxe5 0-1

[Event "12th Africa-ch"]
[Site "Kampala UGA"]
[Date "2016.07.23"]
[Round "8"]
[White "Oussedik, Mahfoud"]
[Black "Roberto Soares, Erikson"]
[Result "0-1"]
[WhiteElo "2299"]
[BlackElo "2282"]
[EventDate "2016.07.17"]
[PlyCount "74"]

1.c4 Nf6 2.g3 e6 3.Bg2 d5 4.d4 c6 5.Qc2 Nbd7 6.Nf3 Bd6 7.O-O Ne4 8.Nfd2 
Nxd2 9.Nxd2 f5 10.Nf3 O-O 11.b3 Qe8 12.Bf4 Bxf4 13.gxf4 Kh8 14.Kh1 Qh5 15.
Rg1 Nf6 16.h3 Ne4 17.Raf1 g5 18.fxg5 f4 19.h4 e5 20.dxe5 Nxg5 21.Nh2 Qxh4 
22.cxd5 cxd5 23.Bxd5 Bf5 24.Qb2 Ne6 25.Rg2 Rad8 26.Bxb7 Bh3 27.Rfg1 Bxg2+ 
28.Rxg2 Rg8 29.Qc2 Ng5 30.Bf3 Nxf3 31.Rxg8+ Rxg8 32.exf3 Qg5 33.Ng4 h5 34.
e6 hxg4 35.Qc3+ Qg7 36.Qxg7+ Rxg7 37.fxg4 f3 0-1

[Event "12th Africa-ch"]
[Site "Kampala UGA"]
[Date "2016.07.23"]
[Round "8"]
[White "Wanyama, Harold"]
[Black "Farouk, Fauza"]
[Result "1-0"]
[WhiteElo "2269"]
[BlackElo "2093"]
[EventDate "2016.07.17"]
[PlyCount "84"]

1.e4 e5 2.Nf3 Nf6 3.Nxe5 d6 4.Nf3 Nxe4 5.Nc3 Nxc3 6.dxc3 Be7 7.Be3 Nc6 8.
Qd2 Be6 9.Nd4 Nxd4 10.cxd4 d5 11.h3 Qd7 12.Qa5 O-O 13.g4 f5 14.Bd2 b6 15.
Qa6 Qd6 16.O-O-O Bc8 17.Qa4 Bd7 18.Qb3 Kh8 19.Kb1 c5 20.dxc5 bxc5 21.c4 
dxc4 22.Qxc4 Be6 23.Qc2 Bg8 24.Bc3 Qb6 25.h4 Bf6 26.Bxf6 Rxf6 27.g5 Rd6 
28.Bc4 Bxc4 29.Qxc4 Rad8 30.Rxd6 Qxd6 31.Rc1 Rc8 32.a3 a5 33.Re1 Rb8 34.
Qf7 Qg6 35.Qxg6 hxg6 36.Re5 Rb3 37.Rxc5 Rf3 38.Rxa5 Rxf2 39.Ra8+ Kh7 40.
Rf8 f4 41.a4 Rh2 42.Rxf4 Rh3 1-0

[Event "12th Africa-ch"]
[Site "Kampala UGA"]
[Date "2016.07.23"]
[Round "8"]
[White "Kawuma, Patrick"]
[Black "Mwangi, Martin Njoroge"]
[Result "1-0"]
[WhiteElo "2247"]
[BlackElo "1785"]
[EventDate "2016.07.17"]
[PlyCount "72"]

1.d4 Nf6 2.Nf3 g6 3.c4 Bg7 4.Nc3 O-O 5.e4 d6 6.Be2 e5 7.O-O Nc6 8.d5 Ne7 
9.Nd2 a5 10.b3 Nd7 11.Rb1 f5 12.a3 Nf6 13.b4 f4 14.c5 g5 15.Nc4 axb4 16.
axb4 Ng6 17.b5 g4 18.b6 f3 19.bxc7 Qxc7 20.cxd6 fxe2 21.dxc7 exd1=Q 22.
Rxd1 Nd7 23.Nd6 b6 24.Be3 Ne7 25.Nc4 Ba6 26.Nxb6 Nxb6 27.Rxb6 Nc8 28.Rb8 
Nd6 29.Rdb1 Nb5 30.R8xb5 Bxb5 31.Nxb5 Ra2 32.d6 Rc2 33.Rc1 Rxc1+ 34.Bxc1 
Bf6 35.d7 Kf7 36.c8=Q Bd8 1-0

[Event "12th Africa-ch"]
[Site "Kampala UGA"]
[Date "2016.07.23"]
[Round "8"]
[White "Alberto, Manuel"]
[Black "Aguiar, Cristiano"]
[Result "0-1"]
[WhiteElo "2191"]
[BlackElo "2219"]
[EventDate "2016.07.17"]
[PlyCount "78"]

1.e4 e6 2.d4 d5 3.e5 c5 4.c3 Nc6 5.Nf3 Qb6 6.a3 a5 7.Be2 Nh6 8.O-O cxd4 9.
Bxh6 Qxb2 10.Bc1 Qxa1 11.Qc2 Bd7 12.Bb2 Qa2 13.cxd4 a4 14.Nc3 Qb3 15.Qd2 
Bxa3 16.Bxa3 Qxa3 17.Nb5 Qe7 18.Nc7+ Kf8 19.Nxa8 Qd8 20.Qc1 Qxa8 21.Qa3+ 
Kg8 22.Rb1 g6 23.Bb5 Kg7 24.Bxa4 b5 25.Qd6 Qxa4 26.Qxd7 Nxd4 27.Ng5 Rf8 
28.Qe7 Qa8 29.Rd1 h6 30.Nh3 Kh7 31.Nf4 Nf5 32.Qb4 Qa4 33.Qd2 Rc8 34.g3 b4 
35.Rb1 b3 36.Nxd5 exd5 37.Qxd5 b2 38.Qxf7+ Ng7 39.Kg2 Qe4+ 0-1

[Event "12th Africa-ch"]
[Site "Kampala UGA"]
[Date "2016.07.23"]
[Round "8"]
[White "Talbi, Chafik"]
[Black "Bouah, Lyndon"]
[Result "0-1"]
[WhiteElo "2206"]
[BlackElo "2124"]
[EventDate "2016.07.17"]
[PlyCount "110"]

1.e4 Nf6 2.e5 Nd5 3.Nf3 d6 4.d4 Bg4 5.Be2 c6 6.O-O Bxf3 7.Bxf3 dxe5 8.dxe5
e6 9.Qe2 Nd7 10.c4 Ne7 11.b3 Qc7 12.Bb2 Ng6 13.Re1 Bb4 14.Nd2 Ndxe5 15.
Red1 Bxd2 16.Rxd2 Nxf3+ 17.Qxf3 O-O 18.Qc3 e5 19.Rad1 Rfd8 20.Ba3 f6 21.
Bd6 Qf7 22.g3 Qe6 23.Bb4 Rxd2 24.Qxd2 b6 25.c5 b5 26.Qd6 Re8 27.Qxe6+ Rxe6
28.Rd8+ Kf7 29.Ra8 Re7 30.Rc8 Rd7 31.Rxc6 Ne7 32.Ra6 Rc7 33.Ba5 Rxc5 34.
Rxa7 Rc1+ 35.Kg2 Ke6 36.Rb7 Ra1 37.Rxb5 Rxa2 38.Bb4 Nd5 39.Bc5 e4 40.Kf1 
g5 41.h3 f5 42.Rb7 f4 43.Rxh7 f3 44.Kg1 Ra1+ 45.Kh2 e3 46.Rh6+ Ke5 47.Bxe3
Nxe3 48.g4 Nf1+ 49.Kg1 Ng3+ 50.Kh2 Ne2 51.Rg6 Rf1 52.Rxg5+ Ke4 53.Rg8 
Rxf2+ 54.Kh1 Ng3+ 55.Kg1 Rg2# 0-1

[Event "12th Africa-ch"]
[Site "Kampala UGA"]
[Date "2016.07.23"]
[Round "8"]
[White "Fidow, Kassim Hassan"]
[Black "Kamoga, Rajab"]
[Result "0-1"]
[WhiteElo "1558"]
[BlackElo "2087"]
[EventDate "2016.07.17"]
[PlyCount "64"]

1.d4 d5 2.c4 c6 3.Nc3 Nf6 4.cxd5 cxd5 5.Nf3 Nc6 6.a3 e6 7.Bf4 Bd6 8.Ne5 
Bxe5 9.dxe5 Nh5 10.e3 Nxf4 11.exf4 a6 12.Bd3 h5 13.Rc1 g5 14.Qd2 gxf4 15.
Qxf4 Qc7 16.O-O Qxe5 17.Qd2 Rg8 18.Rce1 Qd4 19.Ne2 Qg7 20.g3 Ne5 21.f4 Ng4
22.Bf5 Bd7 23.Bxg4 Qxg4 24.Qa5 h4 25.f5 hxg3 26.hxg3 Rc8 27.Rf4 Qh3 28.Qb4
Rxg3+ 29.Nxg3 Qxg3+ 30.Kh1 Rc2 31.Rxe6+ fxe6 32.Qf8+ Kxf8 0-1

[Event "12th Africa-ch"]
[Site "Kampala UGA"]
[Date "2016.07.23"]
[Round "8"]
[White "Mohamud, Hussein Ali"]
[Black "Anquandah, Frances"]
[Result "1-0"]
[WhiteElo "1557"]
[BlackElo "2019"]
[EventDate "2016.07.17"]
[PlyCount "95"]

1.e4 d5 2.exd5 Qxd5 3.Nc3 Qd8 4.d4 c6 5.Nf3 Bf5 6.Bc4 e6 7.Bf4 Nf6 8.O-O 
Bd6 9.Qd2 Qc7 10.Bxd6 Qxd6 11.h3 Nbd7 12.Rfe1 O-O 13.a4 a5 14.Nh4 Bxc2 15.
Qxc2 Qxd4 16.Bxe6 Qxh4 17.Bxd7 Nxd7 18.Re4 Qf6 19.Rae1 Rab8 20.Nd1 b5 21.
Re7 Nb6 22.axb5 cxb5 23.Qc5 Na4 24.Qc7 Qb6 25.Qe5 Nc5 26.Re3 Rbd8 27.Nc3 
Rd7 28.Rg3 g6 29.Nd5 Rxd5 30.Qxd5 a4 31.Rf3 Ne6 32.Rb7 Qa5 33.Rxb5 Qe1+ 
34.Kh2 Qc1 35.Rb7 Nf4 36.Qe4 Ne6 37.Qe5 Qc6 38.Ra7 h6 39.h4 Qc4 40.Qf6 Nc5
41.Rc7 Qd5 42.Rg3 Qh5 43.Rxf7 Rxf7 44.Rxg6+ Qxg6 45.Qxg6+ Rg7 46.Qxh6 Nd3 
47.Qe6+ Kh8 48.Qc8+ 1-0

[Event "12th Africa-ch"]
[Site "Kampala UGA"]
[Date "2016.07.24"]
[Round "9"]
[White "Cawdery, Daniel"]
[Black "Hesham, Abdelrahman"]
[Result "1/2-1/2"]
[WhiteElo "2412"]
[BlackElo "2400"]
[EventDate "2016.07.17"]
[PlyCount "62"]

1.e4 e5 2.Nf3 Nc6 3.d4 exd4 4.Bc4 Nf6 5.e5 d5 6.Bb5 Ne4 7.Nxd4 Bd7 8.Bxc6 
bxc6 9.O-O Bc5 10.f3 Ng5 11.f4 Ne4 12.Be3 O-O 13.Nd2 Nxd2 14.Qxd2 f6 15.
Nb3 Bxe3+ 16.Qxe3 fxe5 17.fxe5 Qe7 18.Nc5 Bf5 19.c3 Rae8 20.Rae1 h6 21.b4 
Qg5 22.Qxg5 hxg5 23.Re3 g4 24.Rfe1 Re7 25.g3 Rfe8 26.a4 g6 27.a5 Kg7 28.
R1e2 Kf7 29.Kf1 Kg7 30.Ke1 Rh8 31.Kf1 Rhe8 1/2-1/2

[Event "12th Africa-ch"]
[Site "Kampala UGA"]
[Date "2016.07.24"]
[Round "9"]
[White "Kayonde, Andrew"]
[Black "Shoker, Samy"]
[Result "1/2-1/2"]
[WhiteElo "2404"]
[BlackElo "2489"]
[EventDate "2016.07.17"]
[PlyCount "119"]

1.d4 Nf6 2.c4 c5 3.d5 g6 4.Nc3 Bg7 5.e4 d6 6.f4 O-O 7.Nf3 e6 8.Be2 exd5 9.
cxd5 Nbd7 10.O-O Re8 11.Nd2 c4 12.e5 dxe5 13.Nxc4 exf4 14.Bxf4 Ne4 15.Nb5 
Ne5 16.Nxe5 Qb6+ 17.Qd4 Qxd4+ 18.Nxd4 Bxe5 19.Nb5 Bd7 20.Nc7 Bxb2 21.Nxa8 
Bxa1 22.Rxa1 Rxa8 23.Bf3 Nc5 24.Bd6 Rc8 25.h3 Nd3 26.Rd1 Rc3 27.Rd2 Ne1 
28.Bd1 Rd3 29.Rxd3 Nxd3 30.Bc2 Nc1 31.Bb4 Ne2+ 32.Kf2 Nf4 33.d6 Kf8 34.Be4
b6 35.Kg3 Ne6 36.Bd5 Ke8 37.Kh4 Nf4 38.Bf3 Be6 39.Bd2 Nd3 40.Bc6+ Bd7 41.
Bd5 f6 42.g4 Bb5 43.a3 Ne5 44.Bc3 Kd7 45.g5 fxg5+ 46.Kxg5 Kxd6 47.Bg8 Bd7 
48.Bxh7 Bxh3 49.Bxg6 a5 50.Bh7 Bd7 51.Kf4 Nc4 52.Bg7 Kc6 53.Be4+ Kc7 54.
Bf8 Bc6 55.Bd3 Nb2 56.Ke3 Bd5 57.Bb5 Bc6 58.Bg7 Nd1+ 59.Ke2 Bxb5+ 60.Kxd1 
1/2-1/2

[Event "12th Africa-ch"]
[Site "Kampala UGA"]
[Date "2016.07.24"]
[Round "9"]
[White "Adly, Ahmed"]
[Black "Ssegwanyi, Arthur"]
[Result "1-0"]
[WhiteElo "2607"]
[BlackElo "2366"]
[EventDate "2016.07.17"]
[PlyCount "116"]

1.d4 Nf6 2.c4 e6 3.Nf3 b6 4.g3 Ba6 5.b3 Bb4+ 6.Bd2 Be7 7.Nc3 c6 8.Bg2 d5 
9.O-O O-O 10.Qc2 Nbd7 11.Rfd1 dxc4 12.e4 Qc8 13.Bf4 Rd8 14.Nd2 cxb3 15.
axb3 Nf8 16.Nc4 Ng6 17.Bg5 Bb7 18.h4 h6 19.Bxf6 Bxf6 20.e5 Be7 21.Ne4 Qc7 
22.Ned6 Bxd6 23.Nxd6 Rxd6 24.exd6 Qxd6 25.Qe2 Ne7 26.Qe5 Qxe5 27.dxe5 Nd5 
28.b4 Kf8 29.h5 a6 30.Rd4 Ke7 31.Rg4 Re8 32.Bf1 Kf8 33.Bd3 b5 34.Rc1 Ra8 
35.Rd4 a5 36.bxa5 Rxa5 37.Be4 Ke7 38.f4 Ra3 39.Kh2 Nc3 40.Bf3 Nd5 41.Bh1 
Ra8 42.Rd2 Rc8 43.Ra2 Kd7 44.Ra5 b4 45.Rc4 Rc7 46.Rac5 b3 47.Bxd5 exd5 48.
Rb4 Ba6 49.Rxb3 Be2 50.Kh3 d4 51.Rb4 d3 52.Rd4+ Ke7 53.Rd6 Rc8 54.g4 f6 
55.Rd4 fxe5 56.Rxe5+ Kf7 57.Rd6 Re8 58.Rc5 Re4 1-0